Eastern Utah Libraries Catalog: Duchesne, Heber, Roosevelt, & Vernal

The people remember / (Record no. 370182)

MARC details
000 -LEADER
fixed length control field 02772cam a2200469 i 4500
001 - CONTROL NUMBER
control field on1265043910
003 - CONTROL NUMBER IDENTIFIER
control field OCoLC
005 - DATE AND TIME OF LATEST TRANSACTION
control field 20220208165626.0
008 - FIXED-LENGTH DATA ELEMENTS--GENERAL INFORMATION
fixed length control field 210825t20212021nyua j b 000 0 eng d
010 ## - LIBRARY OF CONGRESS CONTROL NUMBER
LC control number 2020949333
020 ## - INTERNATIONAL STANDARD BOOK NUMBER
International Standard Book Number 9780062915641
Qualifying information (hardcover) :
Terms of availability $19.99
020 ## - INTERNATIONAL STANDARD BOOK NUMBER
International Standard Book Number 0062915649
Qualifying information (hardcover)
035 ## - SYSTEM CONTROL NUMBER
System control number (OCoLC)1265043910
040 ## - CATALOGING SOURCE
Original cataloging agency LPU
Language of cataloging eng
Description conventions rda
Transcribing agency LPU
Modifying agency OCLCO
-- GO3
-- ILC
-- OQX
-- VP@
-- OCLCF
-- UAP
-- IBI
-- UKMGB
-- YEQ
-- ACN
-- UPB
043 ## - GEOGRAPHIC AREA CODE
Geographic area code f------
-- n-us---
050 #4 - LIBRARY OF CONGRESS CALL NUMBER
Classification number E185
Item number .Z636 2021
082 04 - DEWEY DECIMAL CLASSIFICATION NUMBER
Classification number 973/.0496073
Edition number 23
082 04 - DEWEY DECIMAL CLASSIFICATION NUMBER
Classification number 394.2612
Edition number 23
092 ## - LOCALLY ASSIGNED DEWEY CALL NUMBER (OCLC)
Classification number childrens nonfiction
Item number Zoboi
100 1# - MAIN ENTRY--PERSONAL NAME
Personal name Zoboi, Ibi Aanu,
Relator term author.
9 (RLIN) 6372687
245 14 - TITLE STATEMENT
Title The people remember /
Statement of responsibility, etc by Ibi Zoboi ; illustrated by Loveis Wise.
250 ## - EDITION STATEMENT
Edition statement First edition.
264 #1 - Production, Publication, Distribution, Manufacture, and Copyright Notice.
Place of production, publication, distribution, manufacture New York,
Name of producer, publisher, distributor, manufacturer Balzer + Bray, an imprint of HarperCollins Publishers,
Date of production, publication, distribution, manufacture, or copyr [2021]
264 #4 - Production, Publication, Distribution, Manufacture, and Copyright Notice.
Date of production, publication, distribution, manufacture, or copyr ©2021
300 ## - PHYSICAL DESCRIPTION
Extent 64 unnumbered pages :
Other physical details color illustrations ;
Dimensions 29 cm
336 ## - Content Type
Content type term text
336 ## - Content Type
Content type term still image
337 ## - Media type
Media type term unmediated
338 ## - Carrier type
Carrier type term volume
504 ## - BIBLIOGRAPHY, ETC. NOTE
Bibliography, etc Includes bibliographical references.
520 ## - SUMMARY, ETC.
Summary, etc "The People Remember tells the journey of African descendants in America by connecting their history to the seven principles of Kwanzaa. It begins in Africa, where people were taken from their homes and families. They spoke different languages and had different customs. Yet they were bound and chained together and forced onto ships sailing into an unknown future. Ultimately, all these people had to learn one common language and create a culture that combined their memories of home with new traditions that enabled them to thrive in this new land. Sumptuously illustrated, this is an important book to read as a family--a story young readers can visit over and over again to deepen their understanding of African American history in relation to their own lives and current social justice movements. By turns powerful and revealing, this is a lyrical narrative that tells the story of survival, as well as the many moments of joy, celebration, and innovation of Black people in America."--
583 ## - ACTION NOTE
Action Jcat
Time/date of action 20211116
Action agent pjr
Institution to which field applies UPB
586 ## - AWARDS NOTE
Awards note Coretta Scott King Author Honor Book, 2022
650 #0 - SUBJECT ADDED ENTRY--TOPICAL TERM
Topical term or geographic name as entry element Kwanzaa
Form subdivision Juvenile literature.
9 (RLIN) 5735967
650 #0 - SUBJECT ADDED ENTRY--TOPICAL TERM
Topical term or geographic name as entry element Coretta Scott King Author Award
9 (RLIN) 6439412
650 #0 - SUBJECT ADDED ENTRY--TOPICAL TERM
Topical term or geographic name as entry element African Americans
Geographic subdivision Africa
General subdivision History
Form subdivision Juvenile literature.
9 (RLIN) 6440308
650 #0 - SUBJECT ADDED ENTRY--TOPICAL TERM
Topical term or geographic name as entry element African Americans
Geographic subdivision United States
General subdivision History
Form subdivision Juvenile literature.
9 (RLIN) 6440309
650 #0 - SUBJECT ADDED ENTRY--TOPICAL TERM
Topical term or geographic name as entry element Children's poetry
Form subdivision Juvenile literature.
9 (RLIN) 5675892
650 #0 - SUBJECT ADDED ENTRY--TOPICAL TERM
Topical term or geographic name as entry element Multiculturalism
Form subdivision Juvenile literature.
9 (RLIN) 6428217
700 1# - ADDED ENTRY--PERSONAL NAME
Personal name Wise, Loveis,
Relator term illustratror.
9 (RLIN) 6440310
942 ## - ADDED ENTRY ELEMENTS (KOHA)
Source of classification or shelving scheme Dewey Decimal Classification
Koha item type BOOK
Holdings
Withdrawn status Lost status Source of classification or shelving scheme Damaged status Not for loan Collection code Home library Current library Shelving location Date acquired Source of acquisition Total Checkouts Full call number Barcode Date last seen Date checked out Cost, replacement price Price effective from Koha item type
    Dewey Decimal Classification     Children NonFiction Wasatch County Library Wasatch County Library Main Floor Childrens Area 02/08/2022 Amazon 3 E Social Diversity Zoboi 34301001836354 03/20/2025 01/14/2025 19.99 02/08/2022 BOOK
This project was made possible through a grant from the Institute of Museum and Library Service administered by the Utah State Library Division.

Wasatch County Library

  • 465 East 1200 South, Heber City, Utah 84032
  • Phone 435-654-1511 | Fax 435-654-6456

Hours

  • Monday - Friday 9:30 AM - 8:00 PM
  • Saturday 9:30 AM - 1:30 PM
  • Closed Sundays and Holidays